000 01125nam a2200289 a 4500
001 000023046
005 20200930021943.0
008 101125s1996 mx a 001 0 spa d
020 _a9688807060
040 _aDO-SdBNP
_bspa
_cBNPHU
082 _a621.3815
_bA532d
245 0 0 _aAnálisis y diseño de circuitos lógicos digitales /
_cVíctor P. Nelson,... [et al.] ; traducción de Oscar Alfredo Palmas Velasco ; revisión técnica Carlos Henández Pérez.
260 _aMéxico, D. F. :
_bPrentice-Hall Hispanoamericana,
_c1996.
300 _a842 p. :
_bil. ;
_c25 cm.
534 _aTraducido de la obra en inglés:
_tDigital logic circuit analysis and design
650 4 _aAnálisis de circuitos eléctricos
_947420
650 4 _aCircuitos lógicos
_95485
740 0 _aDigital logic circuit analysis and design.
700 1 _aNelson, Víctor P.
_947421
700 1 _aNagle, H. Troy.
_947422
700 1 _aCarroll, Bill D.
_947423
700 1 _aIrwin, J. David.
_947424
700 1 _aPalmas Velasco, Oscar Alfredo,
_etr.
_998
700 1 _aHernández Pérez, Carlos,
_erev.
_947425
910 _aWM
049 _aBNGR
999 _c22543
_d22543